[Event "Invitation"]
[Site "http://www.queenalice.com/game.php?id=1185516"]
[Date "2013.5.28"]
[Round "-"]
[White "Cappy"]
[Black "LancFred"]
[Result "1-0"]
[WhiteElo "1431"]
[BlackElo "1460"]

1. e3 e5 2. e4 Nf6 3. Nc3 Bb4 4. Nd5 Nxd5 5. exd5 c6 6. dxc6 Nxc6 7. c3 Bd6 8.
Qe2 Qf6 9. d4 O-O 10. dxe5 Nxe5 11. h3 a5 12. Qd2 Re8 13. b3 Ng6+ 14. Kd1 Bf4
15. Qd4 Be5 16. Qe3 h6 17. Qf3 Qxf3+ 18. Nxf3 Bxc3 19. Rb1 d6 20. Ba3 Bf5 21.
Rc1 Bb4 22. Bb2 Bc5 23. Bd4 Ba7 24. Bxa7 Rxa7 25. Nd4 Bd7 26. Rc7 Bc8 27. Bc4
Be6 28. Nb5 Ra6 29. Bxe6 fxe6 30. Rxb7 a4 31. Nc7 Re7 32. Rb8+ Kf7 33. Nxa6 Ra7
34. Rb6 Ke7 35. Kd2 Nf8 36. bxa4 Nd7 37. Rc6 Rb7 38. Kc3 Rb6 39. Rxb6 Nxb6 40.
a5 Nd5+ 41. Kb3 Kd7 42. Rc1 e5 43. Nb8+ Ke6 44. a6 1-0

[Event "Invitation"]
[Site "http://www.queenalice.com/game.php?id=1191219"]
[Date "2013.6.15"]
[Round "-"]
[White "Cappy"]
[Black "LancFred"]
[Result "0-1"]
[WhiteElo "1448"]
[BlackElo "1443"]

1. Nc3 Nf6 2. e4 c6 3. Qe2 d5 4. exd5 Nxd5 5. Nxd5 Qxd5 6. Nf3 Bg4 7. Qe5 Bxf3
8. Qxd5 Bxd5 9. Bd3 Bxg2 10. Rg1 Bd5 11. b3 Nd7 12. c4 Be6 13. Bb2 Nc5 14. Bc2
O-O-O 15. O-O-O Nd3+ 16. Bxd3 Rxd3 17. Rde1 Rh3 18. Be5 h5 19. Re4 Rh6 20. f4
Bf5 21. Re2 Re6 22. Rf2 f6 23. Bb2 Re4 24. Ba3 b5 25. cxb5 cxb5 26. Rd1 b4 27.
Bb2 e6 28. d3 Bc5 29. Rc2 Rxf4 30. Rxc5+ Kb7 31. Rc4 Rxc4+ 32. dxc4 Rd3 33. Rg1
Bg4 34. Kc2 Rh3 35. Rg2 e5 36. a3 bxa3 37. Bxa3 Bf5+ 38. Kb2 g5 39. Be7 Be4 40.
Rd2 Rd3 41. Rf2 Bf3 42. Bb4 Bd1 43. Bc3 Bf3 44. Kc2 Be4 45. Rxf6 Rf3+ 46. Kd2
Rxf6 47. Bxe5 Rf5 48. Bc3 Bc6 49. Kc2 Rf2+ 50. Bd2 g4 51. Kc1 Rxh2 52. b4 a6 53.
Bf4 Rh3 54. Kd2 g3 55. Ke2 g2 56. Be3 Rh2 57. Kf2 Rh1 58. b5 axb5 59. cxb5 Bd5
60. Ke2 g1=Q 0-1

[Event "Challenge"]
[Site "http://www.queenalice.com/game.php?id=1193248"]
[Date "2013.6.22"]
[Round "-"]
[White "Rogerio11"]
[Black "LancFred"]
[Result "0-1"]
[WhiteElo "1356"]
[BlackElo "1442"]

1. e4 e5 2. Bc4 a6 3. Qf3 Qf6 4. d3 Qxf3 5. gxf3 b5 6. Bb3 Nc6 7. c4 Nd4 8. Bd1
bxc4 9. dxc4 Bb4+ 10. Bd2 Bxd2+ 11. Nxd2 Nf6 12. Ba4 Rb8 13. c5 Bb7 14. Nc4 Bc6
15. Bd1 d6 16. b3 Nd7 17. cxd6 cxd6 18. Nxd6+ Ke7 19. Nc4 Nc5 20. Nh3 f6 21. Na5
Kd6 22. Nxc6 Kxc6 23. Rc1 Kd6 24. a4 Nd3+ 25. Kd2 Nxc1 26. Kxc1 Rbc8+ 27. Kb1
Rc3 28. b4 Nxf3 29. Bxf3 Rxf3 30. b5 Rxh3 31. bxa6 Rb3+ 32. Ka2 Rd3 33. a7 Ra8
34. Rb1 Rxa7 35. Rb6+ Kc7 36. Rb3 Rxa4+ 37. Kb2 Rd2+ 38. Kc3 Rxf2 39. Rb4 Ra1
40. Rb2 Rc1+ 41. Kb3 Rf4 42. Rc2+ Rxc2 43. Kxc2 Rxe4 44. Kb2 Re2+ 45. Kb3 Rxh2
46. Ka4 Rb2 47. Ka3 Rb8 48. Ka2 e4 49. Ka3 e3 50. Ka4 e2 0-1

[Event "Invitation"]
[Site "http://www.queenalice.com/game.php?id=1197271"]
[Date "2013.7.5"]
[Round "-"]
[White "Cappy"]
[Black "LancFred"]
[Result "1-0"]
[WhiteElo "1432"]
[BlackElo "1459"]

1. d4 d5 2. Nc3 e6 3. e4 Nf6 4. Bg5 Bb4 5. a3 Bxc3+ 6. bxc3 h6 7. Bxf6 Qxf6 8.
Bb5+ c6 9. Bd3 Qg5 10. g3 e5 11. Nf3 Qe7 12. dxe5 Bg4 13. Be2 Bxf3 14. Bxf3 Qxe5
15. O-O O-O 16. Re1 Rd8 17. c4 f5 18. cxd5 Na6 19. Qe2 fxe4 20. Bxe4 Nc5 21.
dxc6 Nxe4 22. Qxe4 Qxe4 23. Rxe4 bxc6 24. Rb1 Rd2 25. Rc4 Rc8 26. Rb7 a6 27. Ra7
Rd1+ 28. Kg2 Ra1 29. Rxa6 Ra2 30. a4 Kh7 31. Ra7 Kg6 32. Ra5 c5 33. Ra7 Kh7 34.
Ra6 g6 35. Ra7+ Kg8 36. h4 Kf8 37. f4 Ke8 38. Ra5 Kf7 39. Kh3 Kf6 40. Kg4 h5+
41. Kh3 Kf5 42. Raxc5+ Rxc5 43. Rxc5+ Kf6 44. a5 Ra4 45. Rc6+ Kf5 46. a6 Ke4 47.
Rxg6 1-0

[Event "Invitation"]
[Site "http://www.queenalice.com/game.php?id=1203651"]
[Date "2013.7.30"]
[Round "-"]
[White "Cappy"]
[Black "LancFred"]
[Result "1/2-1/2"]
[WhiteElo "1449"]
[BlackElo "1455"]

1. e4 e5 2. d4 f6 3. dxe5 fxe5 4. Nf3 Nc6 5. Bg5 Be7 6. Bd2 Nf6 7. Bc3 Bb4 8.
Bxb4 Nxb4 9. Nxe5 Nxe4 10. a3 Nc6 11. Nxc6 bxc6 12. Qe2 d5 13. f3 Qe7 14. fxe4
Qxe4 15. Qxe4+ dxe4 16. Be2 O-O 17. Rf1 Rxf1+ 18. Bxf1 e3 19. Ke2 Bf5 20. Kxe3
Bxc2 21. Nc3 Rb8 22. Bd3 Bxd3 23. Kxd3 Rxb2 24. Rg1 Rb3 25. a4 Rb4 26. Re1 Rb2
27. Ne4 Rxg2 28. a5 Ra2 29. Ng5 g6 30. Re8+ Kg7 31. Rd8 Rxa5 32. Rd7+ Kf6 33. h4
Kf5 34. Rf7+ Kg4 35. Rxh7 Ra1 36. Ke3 Rh1 37. Nf3 a5 38. Rxc7 Rxh4 39. Kd4
1/2-1/2

[Event "Invitation"]
[Site "http://www.queenalice.com/game.php?id=1205456"]
[Date "2013.8.5"]
[Round "-"]
[White "Cappy"]
[Black "LancFred"]
[Result "1-0"]
[WhiteElo "1449"]
[BlackElo "1455"]

1. e4 e5 2. Nf3 Bd6 3. d4 Bb4+ 4. c3 Bd6 5. Qd2 Nf6 6. dxe5 Bxe5 7. Nxe5 Nxe4 8.
Qd5 Nd6 9. Nc4 Qe7+ 10. Kd1 Nxc4 11. Bxc4 O-O 12. Re1 Qd6 13. Qxd6 cxd6 14. Bf4
Nc6 15. b4 a5 16. b5 Nd8 17. Bxd6 g6 18. Bxf8 Kxf8 19. Bd5 Ra7 20. Re4 b6 21.
Rc4 Bb7 22. Rc7 Ra8 23. Bxb7 Nxb7 24. Rxb7 Rc8 25. Rxd7 Rc5 26. a4 Rf5 27. Ra2
Rh5 28. h3 Rg5 29. f3 Re5 30. Rb7 Kg7 31. Rxb6 Re8 32. Rd2 h6 33. Ra6 f6 34.
Rd7+ Kg8 35. b6 Kf8 36. b7 g5 37. Rb6 h5 38. b8=Q 1-0

[Event "Challenge"]
[Site "http://www.queenalice.com/game.php?id=1206632"]
[Date "2013.8.9"]
[Round "-"]
[White "Rogerio11"]
[Black "LancFred"]
[Result "0-1"]
[WhiteElo "1321"]
[BlackElo "1424"]

1. e4 e5 2. Bc4 Nf6 3. d3 a6 4. c3 b5 5. Bb3 d6 6. d4 exd4 7. cxd4 Nxe4 8. f3
Ng5 9. f4 Ne4 10. d5 c6 11. dxc6 Nxc6 12. a4 Nc5 13. Bd5 Bb7 14. Nf3 Qe7+ 15.
Kf1 Nxa4 16. b3 Nc5 17. Nc3 Nb4 18. Be3 Qxe3 19. h4 Qxc3 20. Ng5 Nxd5 21. Rc1
Qb4 22. f5 Nxb3 23. Rb1 Qc4+ 24. Kg1 Nc3 25. Rxb3 Nxd1 26. Rf3 Bxf3 27. Nxf3
Qc5+ 28. Kh2 Ne3 29. Re1 d5 30. g4 Bd6+ 31. Kh3 O-O 32. h5 Qc3 33. g5 Rfe8 34.
g6 Nc2 35. Rc1 Qxf3+ 36. Kh4 Qg3# 0-1

[Event "Invitation"]
[Site "http://www.queenalice.com/game.php?id=1207665"]
[Date "2013.8.13"]
[Round "-"]
[White "Cappy"]
[Black "LancFred"]
[Result "1-0"]
[WhiteElo "1465"]
[BlackElo "1439"]

1. e4 e5 2. Nc3 a6 3. h3 c6 4. Nf3 Qf6 5. d3 Be7 6. Na4 Kd8 7. Be3 Bb4+ 8. c3 c5
9. cxb4 Qc6 10. Nxe5 Qe6 11. Nc4 b5 12. Nxc5 Qc6 13. Nd2 a5 14. g3 axb4 15. Ndb3
Na6 16. Bg2 Nxc5 17. Bxc5 d6 18. Bxb4 Be6 19. O-O Ra4 20. e5 Qd7 21. Qd2 Bxb3
22. axb3 Ra7 23. Rxa7 Qxa7 24. Qg5+ Kc7 25. Bxd6+ Kb6 26. Qxg7 Qa2 27. Qxh8 Qxb2
28. Qxg8 Qxb3 29. Qb8+ Ka5 30. Ra1+ 1-0

[Event "Invitation"]
[Site "http://www.queenalice.com/game.php?id=1209959"]
[Date "2013.8.20"]
[Round "-"]
[White "Cappy"]
[Black "LancFred"]
[Result "1-0"]
[WhiteElo "1480"]
[BlackElo "1436"]

1. e4 e5 2. Nf3 Nf6 3. Qe2 Bd6 4. d4 Bb4+ 5. c3 Ba5 6. Bg5 d6 7. Qb5+ c6 8. Qd3
Qe7 9. Bxf6 Qxf6 10. h3 O-O 11. Be2 Rd8 12. O-O Bb6 13. Na3 c5 14. Nc4 Nc6 15.
Rad1 cxd4 16. Qc2 Be6 17. Na3 d5 18. c4 Nb4 19. Qb3 Bc5 20. cxd5 d3 21. Bxd3
Nxd3 22. dxe6 Qxe6 23. Qxe6 fxe6 24. Nc4 Rac8 25. Na5 Nxf2 26. Rxd8+ Rxd8 27.
Nxb7 Nxe4+ 28. Kh2 Rd5 29. Re1 Nd6 30. Nxc5 Rxc5 31. Nxe5 Rc2 32. Rd1 Nf7 33.
Nd3 g5 34. Re1 Rc6 35. Re4 Ra6 36. Nb4 Rd6 37. Rc4 Rd2 38. b3 Rd7 39. Rc8+ Kg7
40. Nc6 Kg6 41. Ra8 a6 42. Rxa6 Nd8 43. Ne5+ Kf6 44. Nxd7+ Kg7 45. Nc5 1-0

[Event "Invitation"]
[Site "http://www.queenalice.com/game.php?id=1214250"]
[Date "2013.9.4"]
[Round "-"]
[White "Cappy"]
[Black "LancFred"]
[Result "0-1"]
[WhiteElo "1494"]
[BlackElo "1422"]

1. e4 Nf6 2. Nf3 Nxe4 3. d3 Nf6 4. h3 d5 5. Qd2 Nc6 6. c4 e6 7. Be2 Bb4 8. Nc3
Bxc3 9. Qxc3 Qd6 10. Bg5 Qb4 11. Bxf6 gxf6 12. Nd4 Qxc3+ 13. bxc3 Nxd4 14. cxd4
Rg8 15. O-O c6 16. Rac1 a5 17. g4 f5 18. Kh2 Ra6 19. Rb1 a4 20. a3 h6 21. Bd1
Ke7 22. Re1 Kf6 23. Rb4 b5 24. c5 Re8 25. Re3 Rh8 26. Rg3 Rg8 27. Rg2 Re8 28.
Rg1 e5 29. Re1 Bd7 30. Kg3 exd4 31. Rxe8 Bxe8 32. Rxd4 Ke5 33. Rf4 Bd7 34. Rb4
d4 35. Rb2 Kd5 36. Rc2 Ra8 37. Bf3+ Ke5 38. Re2+ Kf6 39. Kf4 Re8 40. Rc2 Re1 41.
Rb2 Rc1 42. Rb4 Rxc5 43. Rxd4 Ke7 44. Rb4 Rc3 45. gxf5 Rxd3 46. Re4+ Kf6 47. Re3
Rd2 48. Re2 Rd1 49. Re3 Rf1 50. Rd3 Bxf5 51. Be4 Bxe4 52. Kxe4 Rxf2 53. Rd6+ Kg7
54. Rd3 Rb2 55. Kd4 Rc2 56. Rf3 c5+ 57. Kd3 Ra2 58. Ke4 b4 59. Kd5 bxa3 60. Kxc5
Ra1 61. Kb4 a2 62. Rf2 Rb1+ 63. Ka3 a1=Q+ 64. Ra2 Qc3+ 65. Kxa4 Qb4# 0-1

[Event "Invitation"]
[Site "http://www.queenalice.com/game.php?id=1220531"]
[Date "2013.9.27"]
[Round "-"]
[White "Cappy"]
[Black "LancFred"]
[Result "0-1"]
[WhiteElo "1475"]
[BlackElo "1441"]

1. e4 e5 2. Nf3 d6 3. Bb5+ c6 4. Bc4 Be6 5. Bxe6 fxe6 6. d3 Qf6 7. Bg5 Qf7 8.
Be3 Be7 9. c3 Bf6 10. Qb3 b5 11. Bg5 Nd7 12. Bxf6 Ngxf6 13. Nbd2 Nc5 14. Qc2 Nh5
15. g3 Qf6 16. Ke2 d5 17. exd5 exd5 18. Rhe1 e4 19. dxe4 Qg6 20. Ne5 Qe6 21.
Nef3 Nxe4 22. Nxe4 dxe4 23. Ng1 Rf8 24. Kf1 Nf6 25. h3 O-O-O 26. Re2 Nd5 27. Ke1
b4 28. c4 Nb6 29. b3 Rd4 30. c5 Nd7 31. Re3 Qe5 32. Rd1 Nxc5 33. Rxe4 Rxe4+ 34.
Kf1 g6 35. Kg2 Kc7 36. f4 Qf5 37. Ne2 Rd8 38. g4 Qe6 39. Rd2 Rxd2 0-1

[Event "Invitation"]
[Site "http://www.queenalice.com/game.php?id=1224737"]
[Date "2013.10.15"]
[Round "-"]
[White "Cappy"]
[Black "LancFred"]
[Result "0-1"]
[WhiteElo "1458"]
[BlackElo "1458"]

1. e3 e5 2. e4 Nf6 3. d4 Nxe4 4. f3 Ng5 5. Bxg5 Qxg5 6. Ne2 Qf6 7. Qd2 Nc6 8.
Qe3 Nb4 9. Kd1 Be7 10. a3 Nc6 11. c3 b6 12. Nd2 Ba6 13. c4 Nxd4 14. Nc3 Nf5 15.
Qe4 c6 16. g4 Nd6 17. Qe3 b5 18. cxb5 Nxb5 19. Bg2 Nxc3+ 20. Qxc3 e4 21. Nxe4
Qxc3 22. bxc3 d5 23. Nd2 Bf6 24. Rc1 O-O-O 25. Rb1 Kc7 26. Kc2 d4 27. cxd4 Bxd4
28. Nb3 Bb6 29. Rhe1 Bd3+ 30. Kc3 Bxb1 31. Rxb1 Rd7 0-1

[Event "Invitation"]
[Site "http://www.queenalice.com/game.php?id=1237332"]
[Date "2013.12.3"]
[Round "-"]
[White "Cappy"]
[Black "LancFred"]
[Result "1-0"]
[WhiteElo "1427"]
[BlackElo "1489"]

1. e3 e5 2. e4 d6 3. Bb5+ c6 4. Bf1 Nf6 5. d3 d5 6. Bg5 Bb4+ 7. c3 Bc5 8. Ne2 h6
9. Bxf6 Qxf6 10. f3 d4 11. c4 Bb4+ 12. Kf2 b5 13. a3 Be7 14. Rg1 Qh4+ 15. g3
Qxh2+ 16. Ke1 b4 17. Qb3 Na6 18. Rg2 Qh5 19. Nd2 Rb8 20. Qa4 Rb6 21. f4 O-O 22.
Qa5 f6 23. Rf2 g6 24. Rc1 c5 25. Qa4 Bh3 26. Rh2 exf4 27. Rxh3 Qg5 28. Qd7 Bd8
29. gxf4 Nb8 30. fxg5 Nxd7 31. a4 fxg5 32. Rxh6 Kg7 33. Rh3 g4 34. Rh1 Ne5 35.
Nb3 Nxd3+ 36. Kd2 Nxc1 37. Nexc1 Bg5+ 38. Ke1 Rbf6 39. Nd3 Rf3 40. Nd2 R3f6 41.
Be2 g3 42. Rg1 Bh4 43. Rg2 Bg5 44. Nb3 Rh8 45. Rg1 Rhf8 46. Rh1 g2 47. Rg1 Ra6
48. a5 Re6 49. e5 Rh8 50. Rxg2 Rh1+ 51. Bf1 Bh4+ 52. Ke2 Re8 53. Rg4 Rf8 54. Rf4
g5 55. Rxf8 Kxf8 56. Nbxc5 Rh2+ 57. Kf3 Rh1 58. Ke2 g4 59. Nf4 Rh2+ 60. Ng2 Bd8
61. Ne6+ Ke7 62. Nxd8 Kxd8 63. Kd3 Rh1 64. Ke2 d3+ 65. Kf2 d2 66. Ne3 g3+ 67.
Ke2 Rh5 68. Nd5 Rxe5+ 69. Kxd2 Rg5 70. Kc2 g2 71. Bxg2 Rxg2+ 72. Kb3 Rg3+ 73.
Kxb4 Rg2 74. b3 Kd7 75. Kc5 Ra2 76. Kb5 Rb2 77. Kb4 Kc6 78. Ne7+ Kd6 79. Nd5 Ke5
80. Kc3 Ra2 81. Nb4 Rf2 82. Nd3+ 1-0

[Event "Invitation"]
[Site "http://www.queenalice.com/game.php?id=1237333"]
[Date "2013.12.3"]
[Round "-"]
[White "Cappy"]
[Black "LancFred"]
[Result "0-1"]
[WhiteElo "1442"]
[BlackElo "1474"]

1. d3 e5 2. e3 d6 3. Nc3 d5 4. e4 c6 5. Nce2 Bg4 6. f3 Bh5 7. g4 Bg6 8. c3 d4 9.
Qb3 Qd7 10. h3 Na6 11. Qc2 O-O-O 12. b4 f6 13. Bb2 c5 14. O-O-O Kb8 15. a3 Qd6
16. c4 cxb4 17. a4 Nc5 18. h4 h5 19. g5 Be8 20. Nh3 Bxa4 21. Qb1 Bxd1 22. Kxd1
Qa6 23. Ng3 g6 24. Rh2 Qa4+ 25. Ke1 Be7 26. Bc1 fxg5 27. Bxg5 b3 28. Bxe7 Nxe7
29. Ne2 Nc6 30. Nc1 Qb4+ 31. Kd1 b2 32. Rxb2 Qa4+ 33. Ke2 b6 34. Ke1 Qa5+ 35.
Kd1 Na4 36. Ne2 Nxb2+ 37. Qxb2 Nb4 38. Qd2 Qa1+ 39. Nc1 Qa4+ 40. Ke2 Qc2 41.
Qxc2 Nxc2 42. Ng5 Rdf8 43. Nh3 Rf6 44. Ng5 Rf4 45. Kd2 Nb4 46. Ne2 Rxh4 47. Bg2
Rh2 48. Bh3 h4 49. Kd1 Nxd3 50. Nc1 Nf2+ 51. Kd2 Nxh3+ 0-1

[Event "Invitation"]
[Site "http://www.queenalice.com/game.php?id=1245440"]
[Date "2014.1.4"]
[Round "-"]
[White "Cappy"]
[Black "LancFred"]
[Result "0-1"]
[WhiteElo "1445"]
[BlackElo "1471"]

1. e3 e5 2. e4 Nf6 3. Nc3 Bb4 4. Nd5 Nxd5 5. exd5 c6 6. a3 Bc5 7. Nf3 e4 8. Ng1
O-O 9. d6 Qf6 10. Nh3 Bxd6 11. d4 Be7 12. Bg5 Qe6 13. d5 Qe5 14. Bxe7 Qxe7 15.
Qd2 h6 16. O-O-O d6 17. Re1 Bxh3 18. gxh3 Qe5 19. dxc6 bxc6 20. Bg2 Qd5 21. b3
Qxd2+ 22. Kxd2 d5 23. h4 Re8 24. Ke3 Nd7 25. Bh3 Nf6 26. Kd2 Rab8 27. Rhg1 Re5
28. Bg4 h5 29. Bh3 Rbe8 30. Ke3 c5 31. Kd2 d4 32. f4 R5e7 33. Re2 e3+ 34. Kc1
Nd5 35. Bf1 Nxf4 36. Re1 Ng6 37. Be2 Nxh4 38. Bxh5 Re5 39. Be2 Rf5 40. Rg3 Rf2
41. Kd1 Rxh2 42. Reg1 g6 43. Ke1 Re6 44. Rg5 Rf6 45. Rf1 Ng2+ 46. Kd1 Nf4 47.
Bc4 Kg7 48. Rxc5 e2+ 49. Ke1 exf1=Q+ 50. Kxf1 Nh3+ 51. Ke1 Rff2 0-1

[Event "Invitation"]
[Site "http://www.queenalice.com/game.php?id=1250764"]
[Date "2014.1.24"]
[Round "-"]
[White "Cappy"]
[Black "LancFred"]
[Result "0-1"]
[WhiteElo "1430"]
[BlackElo "1486"]

1. e3 d5 2. Nf3 e6 3. d4 Bd6 4. Ng1 Nf6 5. e4 Nxe4 6. Be2 Bb4+ 7. c3 Ba5 8. Qc2
Bb6 9. Nf3 g6 10. O-O O-O 11. c4 c6 12. c5 Bc7 13. Ne1 Qe7 14. h3 b6 15. Nf3 Na6
16. a3 bxc5 17. Bxa6 Bxa6 18. Re1 Qd6 19. Nfd2 Qh2# 0-1

[Event "Invitation"]
[Site "http://www.queenalice.com/game.php?id=1252747"]
[Date "2014.1.31"]
[Round "-"]
[White "Cappy"]
[Black "LancFred"]
[Result "0-1"]
[WhiteElo "1416"]
[BlackElo "1500"]

1. e3 e5 2. Nf3 Bd6 3. Nc3 Nf6 4. Bd3 O-O 5. Ne4 Nxe4 6. Bxe4 f6 7. c3 c6 8.
Qb3+ Kh8 9. g3 Qe8 10. O-O f5 11. Bc2 Qh5 12. Nh4 e4 13. f3 b6 14. fxe4 Ba6 15.
Rxf5 Rxf5 16. Nxf5 Qe2 17. Nxd6 Qf1# 0-1

[Event "Invitation"]
[Site "http://www.queenalice.com/game.php?id=1254215"]
[Date "2014.2.6"]
[Round "-"]
[White "Cappy"]
[Black "LancFred"]
[Result "1-0"]
[WhiteElo "1403"]
[BlackElo "1490"]

1. e3 e5 2. e4 Nf6 3. Qe2 Bd6 4. d3 h6 5. Nc3 Bb4 6. Bd2 Bxc3 7. Bxc3 d6 8. h3
O-O 9. O-O-O Re8 10. Qf3 c6 11. d4 Qe7 12. Bc4 Be6 13. Bxe6 Qxe6 14. d5 cxd5 15.
exd5 Qe7 16. Ne2 e4 17. Qg3 g5 18. Bxf6 Qxf6 19. Rhf1 Qe5 20. f4 Qg7 21. Qg4 Na6
22. Rd4 Rac8 23. Re1 Rc7 24. Nc3 Qxd4 25. Rd1 Qe3+ 26. Kb1 Qc5 27. Rf1 f6 28.
Qh5 Ree7 29. Qg6+ Kf8 30. Qxf6+ Rf7 31. Qxh6+ Ke8 32. Qg6 Qa5 33. Re1 Nb4 34.
Rxe4+ Kf8 35. Qxd6+ Kg7 36. Rxb4 Rcd7 37. Qe5+ Kf8 38. Re4 Kg8 39. Qxg5+ Kf8 40.
Qh6+ Rg7 41. Qh8+ Rg8 42. Qf6+ Rf7 43. Qd6+ Kg7 44. Qe5+ Kf8 45. Qb8+ Kg7 46.
Qd6 Qb6 47. Qxb6 axb6 48. Nb5 Kh7 49. g4 Rgf8 50. f5 Kg8 51. b3 Rh7 52. Re3 Rd8
53. d6 Kf8 54. Rd3 Ke8 55. Re3+ Kd7 56. Rc3 Rc8 57. Re3 Rc5 58. a4 Rd5 59. Kc1
Kd8 60. Rc3 Re5 61. Kd1 Re4 62. Na7 Re8 63. Rc8+ Kd7 64. Rc7+ 1-0

[Event "Challenge"]
[Site "http://www.queenalice.com/game.php?id=1254860"]
[Date "2014.2.9"]
[Round "-"]
[White "zmanomega"]
[Black "LancFred"]
[Result "1-0"]
[WhiteElo "1589"]
[BlackElo "1513"]

1. e4 e5 2. Qh5 Qe7 3. Qf3 Nc6 4. c3 Qf6 5. Qe3 Qf4 6. d4 Qxe3+ 7. Bxe3 Be7 8.
d5 Na5 9. b4 Nc4 10. Bxc4 Nf6 11. f3 a6 12. Nh3 b5 13. Be2 Bb7 14. a4 c6 15.
dxc6 dxc6 16. axb5 axb5 17. Rxa8+ Bxa8 18. O-O O-O 19. Bd2 g6 20. c4 Rb8 21. c5
Rb7 22. g4 h5 23. g5 Nh7 24. Bc3 1-0

[Event "Challenge"]
[Site "http://www.queenalice.com/game.php?id=1255271"]
[Date "2014.2.10"]
[Round "-"]
[White "cass"]
[Black "LancFred"]
[Result "1-0"]
[WhiteElo "1656"]
[BlackElo "1500"]

1. e4 e5 2. Nf3 d6 3. Bc4 Qe7 4. d4 Bg4 5. O-O Bxf3 6. Qxf3 Nc6 7. Bg5 f6 8. Bh4
Nxd4 9. Qd1 g5 10. Bg3 c6 11. c3 Nb5 12. a4 Nc7 13. Qb3 Rb8 14. Bxg8 d5 15. Bxd5
cxd5 16. exd5 Qd6 17. c4 a6 18. Re1 Be7 19. Nd2 b5 20. Ne4 Qd7 21. d6 Bxd6 22.
Nxf6+ 1-0

[Event "Invitation"]
[Site "http://www.queenalice.com/game.php?id=1261007"]
[Date "2014.3.1"]
[Round "-"]
[White "Cappy"]
[Black "LancFred"]
[Result "1-0"]
[WhiteElo "1422"]
[BlackElo "1471"]

1. d3 e5 2. Nf3 d6 3. e4 Qe7 4. Bg5 f6 5. Be3 Bg4 6. d4 d5 7. h3 Bxf3 8. Qxf3
dxe4 9. Qe2 Nc6 10. Nc3 exd4 11. Nd5 Qd8 12. Nf4 dxe3 13. Qxe3 Nd4 14. Rc1 Qd7
15. Qxe4+ Kd8 16. Rd1 Kc8 17. Rxd4 Qe7 18. Ne6 Qd7 19. Rxd7 Kxd7 20. Qd5+ Ke7
21. Nf4 Re8 22. Be2 g6 23. Qe6+ Kd8 24. Qd5+ Ke7 25. O-O Rd8 26. Qe6# 1-0

[Event "Invitation"]
[Site "http://www.queenalice.com/game.php?id=1263275"]
[Date "2014.3.8"]
[Round "-"]
[White "Cappy"]
[Black "LancFred"]
[Result "0-1"]
[WhiteElo "1440"]
[BlackElo "1453"]

1. e4 Nf6 2. Nc3 e5 3. Nge2 Bb4 4. Nd5 Nxd5 5. exd5 d6 6. a3 Bc5 7. Rb1 c6 8.
Nc3 Bd4 9. Na2 Qf6 10. f3 O-O 11. Bd3 Re8 12. c3 Bb6 13. Qe2 Nd7 14. Rf1 Nc5 15.
Bc2 Bf5 16. Bxf5 Qxf5 17. d3 Nxd3+ 18. Kd1 Nf4 19. Qc2 Qxc2+ 20. Kxc2 Nxd5 21.
Bd2 Be3 22. c4 Bxd2 23. cxd5 Ba5 24. Rbd1 Rac8 25. b4 Bb6 26. dxc6 Red8 27. Kd2
bxc6 28. Ke2 c5 29. b5 c4 30. Nc3 Bd4 31. Nd5 Rd7 32. f4 Rc5 33. Nb4 Rxb5 34.
Rb1 h6 35. Rf3 a5 36. f5 axb4 37. Rg3 g5 38. h4 f6 39. h5 b3 40. Kd2 c3+ 41. Kc1
Rdb7 0-1

[Event "Invitation"]
[Site "http://www.queenalice.com/game.php?id=1267331"]
[Date "2014.3.22"]
[Round "-"]
[White "Cappy"]
[Black "LancFred"]
[Result "1-0"]
[WhiteElo "1425"]
[BlackElo "1468"]

1. e3 e5 2. Bd3 Bc5 3. Qh5 g6 4. Qxe5+ Kf8 5. Qxc5+ d6 6. Qd4 Qf6 7. Qxf6 Nxf6
8. b3 Kg7 9. Bb2 Bf5 10. e4 Be6 11. h3 d5 12. g4 dxe4 13. Bxe4 c6 14. g5 Nd7 15.
Bxf6+ Nxf6 16. gxf6+ Kxf6 17. Nc3 Rad8 18. h4 Rhe8 19. Bd3 Bf5+ 20. Kf1 Bxd3+
21. cxd3 Rxd3 22. Rd1 h5 23. Rh3 Rxh3 24. Nxh3 b5 25. Rc1 Kf5 26. Re1 Rxe1+ 27.
Kxe1 Kg4 28. Ng1 Kxh4 29. Ne4 Kg4 30. Nd6 h4 31. Nxf7 h3 32. Ne2 Kf3 33. Kf1 Ke4
34. Ng5+ Kd5 35. Nxh3 Kc5 36. a3 b4 37. a4 Kb6 38. Nef4 Ka6 39. Nxg6 c5 40. d3
Kb6 41. f4 Kc6 42. Kf2 Kd6 43. Ng5 Kd7 44. f5 Ke8 45. Kf3 Kd7 46. f6 1-0

[Event "Invitation"]
[Site "http://www.queenalice.com/game.php?id=1271368"]
[Date "2014.4.8"]
[Round "-"]
[White "Cappy"]
[Black "LancFred"]
[Result "0-1"]
[WhiteElo "1443"]
[BlackElo "1450"]

1. e3 g6 2. Nf3 d6 3. h3 e5 4. Be2 Bd7 5. O-O Bc6 6. Nh2 Qg5 7. Bf3 e4 8. Be2 d5
9. d4 Bd6 10. f4 Qf6 11. b3 a6 12. Ba3 Qe7 13. Bxd6 Qxd6 14. Qc1 Bb5 15. Bxb5+
axb5 16. Qb2 Nf6 17. Rc1 Nh5 18. Kf2 Qf6 19. g3 g5 20. g4 Ng7 21. Rf1 c5 22. Nc3
gxf4 23. Nxd5 Qh4+ 24. Kg2 Qg3+ 25. Kh1 f3 26. c3 cxd4 27. Rg1 Qxh3 28. Nc7+ Kd7
29. Nxa8 Qh6 30. Qa3 Na6 31. exd4 Rxa8 32. Rge1 Qh3 33. Rxe4 Qg2# 0-1